[Event "Nantes op 8th"]
[Site "Nantes"]
[Date "2009.12.??"]
[Round "2"]
[White "Flachet, Jade"]
[Black "Lebedel, Marc"]
[Result "0-1"]
[WhiteElo "1450"]
[BlackElo "1630"]
[PlyCount "36"]
[EventDate "2009.12.??"]
[EventType "swiss"]
[EventRounds "9"]
[EventCountry "FRA"]
[SourceTitle "CBM 134 Extra"]
[Source "ChessBase"]
[SourceDate "2010.03.03"]
[SourceVersion "1"]
[SourceVersionDate "2010.03.03"]
[SourceQuality "1"]

1. e4 e5 2. Nf3 d5 3. exd5 Qxd5 4. Nc3 Qa5 5. Bc4 Nc6 6. 0-0 Bd7 7. Re1 0-0-0 8. d4 exd4 9. Nxd4 Nxd4 10. Qxd4 f6 11. Bf4 Ne7 12. Rad1 Nc6 13. Qd5 Bf5 14. Qxf5+ Qxf5 15. Be6+ Qxe6 16. Rxe6 Rxd1+ 17. Nxd1 Nd4 18. c3 Nxe6 0-1